Top 15 dei paesi con decessi Covid-19 - 24 novembre 2021 - Statistics

Statistiche generali
  • Questo quiz è stato fatto 4 volte
  • Il punteggio medio è 12 su 26
Statistiche sulle risposte
paese % Corretto
Argentina
100%
Brasile
100%
Francia
100%
Germania
100%
Italia
100%
Regno Unito
100%
Russia
100%
Stati Uniti
100%
India
75%
Messico
75%
Perù
75%
Colombia
50%
Bulgaria
25%
Indonesia
25%
Romania
25%
Ungheria
25%
Armenia
0%
Bosnia ed Erzegovina
0%
Cechia
0%
Croazia
0%
Georgia
0%
Iran
0%
Lituania
0%
Macedonia del Nord
0%
Slovacchia
0%
Sudafrica
0%
Nessun quiz corrispondente trovato
Distribuzione punteggi
Percentuale di utenti per punteggio
Percentile per numero di risposta
I tuoi punteggi nel tempo
Non hai fatto questo quiz